Family Tree Weasley (Harry Potter) - Statistics

General Stats
  • This quiz has been taken 1,208 times
  • The average score is 26 of 40
Answer Stats
Answer % Correct
Ronald
96%
Fred
95%
George
95%
Molly
95%
Arthur
94%
Ginerva
94%
Percy
91%
William
91%
Charlie
89%
Harry
83%
Hermione
82%
Albus
78%
James
78%
Lily
78%
Fleur
75%
Rose
75%
Hugo
70%
Angelina
67%
Severus
60%
Weasley
60%
Potter
59%
Granger
58%
Sirius
58%
Victoire
58%
Luna
56%
Delacour
54%
Fred II
52%
Louis
51%
Roxanne
51%
Dominique
50%
Johnson
49%
Billius
48%
Jean
48%
Lucy
46%
Molly II
43%
Prewett
43%
Granger - Weasley
42%
Audrey
39%
Ignatius
21%
Isabelle
21%
No matching quizzes found
Score Distribution
Percent of People with Each Score
Percentile by Number Answered
Your Score History
You have not taken this quiz